| 000 | 00747nam a2200205Ia 4500 | ||
|---|---|---|---|
| 008 | 0000001990 pr a 0000000000spa00 | ||
| 090 | _aPPR00 M13e | ||
| 100 | 1 | _aMahoney, Robert | |
| 245 | 1 | 0 |
_aEnoc Pérez _c/ essay Robert Mahoney ; photography Eddie J. Bartolomei |
| 300 |
_a[24] p. _c/ 23 cm. |
||
| 500 | _aCon el patronazgo del maestro venezolano Jesús Rafael Soto (q.e.p.d.) \ | ||
| 600 | 0 | 0 |
_aPEREZ, ENOC, 1967/ _xTRABAJOS PICTORICOS |
| 650 | 1 | 4 | _aARTE CONTEMPORANEO PUERTORRIQUEÑO |
| 650 | 1 | 4 | _xCATALOGOS |
| 650 | 1 | 4 | _xEXPOSICIONES |
| 650 | 1 | 4 | _aPINTORES PUERTORRIQUEÑOS |
| 650 | 1 | 4 | _aPINTURA PUERTORRIQUEÑA |
| 700 | 1 | _aBartolomei, Eddie J. | |
| 999 |
_c5415 _d5415 |
||
| 260 |
_aSan Juan (Puerto Rico) : Galería Leonora Vega _c1990 |
||